Statistiques concernant Focus sur: Adrian Pucey - Harry Potter

Cliquez ici pour prendre le quiz!

Statistiques générales

  • Ce quiz a été pris 93 fois
  • Le résultat moyen est 6 sur 7

Statistiques - réponses

Informations recherchéesRéponses% Correct
Lieu de rencontre avec Harry PotterPoudlard
99%
Ecole fréquentéePoudlard
99%
Maison frėquentéeSerpentard
99%
Couleur des cheveuxBrun
97%
Poste occupé au QuidditchPoursuiveur
96%
Première apparitionHarry Potter à l'école des sorciers
90%
Acteur l'interprétant dans les filmsScot Fearn
22%

Distribution des résultats

Percentile par nombre de réponses

% des personnes avec chaque résultat

Votre développement - résultats

Vous n’avez pas pris ce quiz